November '89 medzník vo vývoji slovenskej spoločnosti a jeho medzinárodný kontext

Bibliographic Details
Main Authors: Žatkuliak, Jozef, 1954-2017 (Author), Londáková, Elena, 1956- (Author), Pešek, Jan, 1949- (Author), Sedliaková, Alžbeta, 1952- (Author), Veselská, Natália, 1976- (Author), Zemko, Milan (Author), Londák, Miroslav, 1961- (Author)
Format: Book
Language:Slovak
PhysicalDescription:246 s. 24 cm
Published: Bratislava Prodama 2009
ISBN:9788089396047
Edition:[1. vyd.]
Subjects:

MARC

LEADER 00000nam a2200000 a 4500
001 vtls010061296
003 SK-MaSNL
005 20260425232707.0
008 240314s2009 xo f 001 0 slo
015 |a SNBA2010/03-01698 
020 |a 9788089396047  |q (brož.) 
035 |a 38E06668-4BC4-474C-AEF5-F5BEBAB2E098 
035 |a urn:nbn:sk:snk-amlfmz 
035 |a urn:nbn:sk:snk-am008xpv 
040 |a SNK  |b slo  |c SNK  |e AACR2 
041 0 |a slo  |b eng 
043 |a e-cs---  |a e-xo--- 
044 |a xo  |c SK 
072 7 |a 94(437)  |x Dejiny Česka a Slovenska  |2 konspekt 
080 |a 94(437)"1989"  |2 2001 
080 |a 323  |2 2001 
080 |a (437)  |2 2001 
080 |a (437.6)  |2 2001 
080 |a (048.8)  |2 2001 
100 1 |a Žatkuliak, Jozef,  |d 1954-2017  |4 aut  |9 178283 
245 1 0 |a November '89  |b medzník vo vývoji slovenskej spoločnosti a jeho medzinárodný kontext  |c Jozef Žatkuliak a kol. 
250 |a [1. vyd.] 
260 |a Bratislava  |b Prodama  |c 2009 
300 |a 246 s.  |c 24 cm 
500 |a Vyd. pre Historický ústav SAV, Bratislava. Zoz. skrat. 
504 |a Bibliogr. s. 205-227. Reg. 
546 |a Res. angl. 
650 0 7 |a Nežná revolúcia (1989 : Československo)  |2 SNKPH  |9 176560 
650 0 7 |a spoločnosť a politika  |2 SNKPH  |9 1526 
650 0 7 |a Velvet revolution, 1989  |2 SNKPHeng  |9 315872 
650 0 7 |a Society and politics  |2 SNKPHeng  |9 313079 
651 7 |a Československo  |2 SNKPH  |9 21376 
651 7 |a Slovensko  |2 SNKPH  |9 14231 
651 7 |a Slovakia  |2 SNKPHeng  |9 92630 
655 7 |a chronologické prehľady  |2 SNKPH  |9 278802 
655 7 |a Chronological surveys  |2 SNKPHeng  |9 311244 
700 1 |a Londáková, Elena,  |d 1956-  |4 aut  |9 104921 
700 1 |a Pešek, Jan,  |d 1949-  |4 aut  |9 85425 
700 1 |a Sedliaková, Alžbeta,  |d 1952-  |4 aut  |9 229684 
700 1 |a Veselská, Natália,  |d 1976-  |4 aut  |9 76060 
700 1 |a Zemko, Milan  |4 aut  |9 280348 
700 1 |a Londák, Miroslav,  |d 1961-  |4 aut  |9 104923 
852 |a Štátna vedecká knižnica v Banskej Bystrici 
919 |a 978-80-89396-04-7 
958 |a NB 
958 |a OND 
968 |d 93/94 
999 |c 746708  |d 748638 
952 |a SNK  |b SNK  |y PREZ  |7 0  |p 17A0643914  |o snkSC 138845  |i snk2010/2207  |8 0  |0 0  |1 0  |4 0  |d 2010-02-05  |f 1  |l 0  |r 2017-06-30 00:00:00  |w 2026-02-23 
952 |a SNK  |b SNK  |y VYP  |7 0  |p 17A0657324  |o snkSC 138845 D1  |i snk2010/8230  |8 0  |0 0  |1 0  |4 0  |d 2010-04-22  |l 0  |r 2026-02-23 23:19:07  |w 2026-02-23 
952 |a SNK  |b SNK  |y VYP  |7 0  |p 17A0657325  |o snkSC 138845 D2  |i snk2010/28451  |8 0  |0 0  |1 0  |4 0  |d 2010-04-22  |l 0  |r 2026-02-23 23:19:07  |w 2026-02-23